| 000 | 00467nam a2200181 a 4500 | ||
|---|---|---|---|
| 001 | 1188 | ||
| 003 | CDMR | ||
| 005 | 20130320094523.0 | ||
| 008 | 130130s1991||||||||||||||||||||||||||||d | ||
| 020 | _a8429732540 | ||
| 040 |
_aCDMR _bcat _cCPC LLEIDA |
||
| 100 | 1 |
_aVergés, Gerard _9931 |
|
| 245 | 1 | 0 |
_aEros i Art _cGerard Vergés |
| 260 |
_aBarcelona _c1991 _bEdicions 62 |
||
| 490 | 0 |
_aLlibres a l'abast _v262 |
|
| 586 | _aPremi Josep Vallverdú 1990 | ||
| 942 |
_cMON _2udc |
||
| 999 |
_c1188 _d1188 |
||